Excavaciones arqueológicas en Lacipo (Record no. 122525)

MARC details
000 -LEADER
campo de control de longitud fija 00790nam a2200205 4500
001 - NÚMERO DE CONTROL
campo de control 122525
003 - IDENTIFICADOR DE NÚMERO DE CONTROL
campo de control ES-MaACL
005 - FECHA Y HORA DE LA ÚLTIMA TRANSACCIÓN
campo de control 20230906192007.0
007 - CAMPO FIJO DE DESCRIPCIÓN FÍSICA--INFORMACIÓN GENERAL
campo de control de longitud fija t|
008 - DATOS DE LONGITUD FIJA--INFORMACIÓN GENERAL
campo de control de longitud fija 070214s1982 sp r ||||1| spa d
100 1# - ENTRADA PRINCIPAL--NOMBRE DE PERSONA
Nombre de persona Puertas Tricas, Rafael.
9 (RLIN) 94187
245 10 - MENCIÓN DEL TÍTULO
Título Excavaciones arqueológicas en Lacipo
Resto del título : (Casares, Málaga) : campañas de 1975 y 1976 /
Mención de responsabilidad, etc. Rafael Puertas Tricas.
260 ## - PUBLICACIÓN, DISTRIBUCIÓN, ETC.
Lugar de publicación, distribución, etc. Madrid :
Nombre del editor, distribuidor, etc. Dirección General de Bellas Artes y Archivos,
Fecha de publicación, distribución, etc. 1982.
300 ## - DESCRIPCIÓN FÍSICA
Extensión 310 p., 52 lám. :
Otras características físicas il. ;
Dimensiones 29 cm.
490 1# - MENCIÓN DE SERIE
Mención de serie Excavaciones arqueológicas en España ;
Designación de volumen o secuencia 125
710 1# - ENTRADA AGREGADA--NOMBRE DE ENTIDAD CORPORATIVA
Nombre de entidad corporativa o nombre de jurisdicción como elemento de entrada España.
Unidad subordinada Dirección General de Bellas Artes y Archivos.
9 (RLIN) 3708
830 0# - PUNTO DE ACCESO ADICIONAL DE SERIE-TÍTULO UNIFORME
Título uniforme Excavaciones arqueológicas en España ;
Designación de volumen o secuencia 125
9 (RLIN) 177264
852 ## - LOCALIZACIÓN
Ubicación ES-MaACL
Número de control de estantería L-4926
Sublocalización o colección R.105522
Holdings
Estatus retirado Estado de pérdida Estado de daño No para préstamo Biblioteca de origen Biblioteca actual Ubicación en estantería Fecha de adquisición Fuente de adquisición Total de préstamos Signatura topográfica completa Código de barras Visto por última vez Precio de reemplazo Tipo de ítem Koha
        Biblioteca del Ateneo de Madrid Biblioteca del Ateneo de Madrid Depósito 2 17/01/2008     L-4926 1127675 23/02/2023 23/02/2023 Libro impreso